Március 15-ike [rövid hír]
Elmentve itt :
| Dokumentumtípus: | Cikk |
|---|---|
| Megjelent: |
1930-03-09
|
| Sorozat: | Délmagyarország
6 No. 57 |
| Kulcsszavak: | Nemzeti ünnep Szeged 1930 |
| Online Access: | http://dmarchiv.bibl.u-szeged.hu/31889 |
| LEADER | 00414nab a2200145 i 4500 | ||
|---|---|---|---|
| 001 | delm31889 | ||
| 005 | 20180927103426.0 | ||
| 008 | 180927s1930 hu o 0|| hun d | ||
| 040 | |a SZTE Délmagyarország Archívum |b hun | ||
| 041 | |a hun | ||
| 245 | 0 | 0 | |a Március 15-ike |h [elektronikus dokumentum] : |b [rövid hír] |
| 260 | |c 1930-03-09 | ||
| 300 | |a 11 | ||
| 490 | 0 | |a Délmagyarország |v 6 No. 57 | |
| 695 | |a Nemzeti ünnep Szeged 1930 | ||